000
00332nam a22001457a 4500
008
221006b ||||| |||| 00| 0 eng d
020
_a
9780323316590
041
_a
eng
080
_2
tenth edition
_a
610.73
082
_a
610.73 SEL
100
_a
6
101
_a
INF
245
_a
DRUG CALCULATIONS
_c
SELTZER M.B
942
_2
udc
_c
BK
999
_c
58369
_d
58369